00363pab a2200133 454500008004000000100001600040245004100056260000900097300001300106362001200119650003100131650002300162773004400185180718b1990 xxu||||| |||| 00| 0 eng d aDesai, Udai aImpacts of education policy in India c1990 ap.52-62. aJan-Mar aEducational policy - India aEducational policy aIndian Journal of Public Administration